Statistics for U.S. Presidential Firsts #3

Click here to take the quiz!

General Stats

  • This quiz has been taken 22 times
  • The average score is 14 of 20

Answer Stats

First U.S. President to . . .Answer% Correct
. . . appoint an African-American to the Supreme Court?Lyndon B. Johnson
90%
. . . appoint a woman to the Supreme Court?Ronald Reagan
90%
. . . live to the age of 90?John Adams
85%
. . . travel outside the U.S. while in office?Theodore Roosevelt
85%
. . . be born outside the original 13 colonies?Abraham Lincoln
80%
. . . get married at the White House?Grover Cleveland
75%
. . . be alive after leaving office for more than 30 years?Herbert Hoover
75%
. . . be born to immigrant parents?Andrew Jackson
70%
. . . marry three times?Donald Trump
70%
. . . ride on a steamboat?James Monroe
70%
. . . publish his memoirs?Ulysses S. Grant
70%
. . . hold a press conference?Woodrow Wilson
70%
. . . receive an honorary knighthood from a foreign nation?Dwight D. Eisenhower
65%
. . . have a lighted Christmas tree at the White House?Benjamin Harrison
60%
. . . have a secret service code name?Harry S. Truman
60%
. . . be under 50 upon entering office?James K. Polk
55%
. . . win a majority of both the popular vote and the electoral votes despite winning fewer states than his opponent?Jimmy Carter
55%
. . . have a telephone installed in the White House?Rutherford B. Hayes
55%
. . . seek a 2nd term but fail to be nominated by his party?Franklin Pierce
50%
. . . appear on a radio broadcast?Warren G. Harding
35%

Score Distribution

Percentile by Number Answered

Percent of People with Each Score

Your Score History

You have not taken this quiz